Análisis de la aplicación del sistema de evaluación LEED v4 al diseño y construcción de Estaciones de Bomberos en Costa Rica
Zapisane w:
| 1. autor: | |
|---|---|
| Kolejni autorzy: | |
| Format: | Książka |
| Język: | Spanish |
| Wydane: |
[San José ], Costa Rica
2019
|
| Hasła przedmiotowe: | |
| Etykiety: |
Dodaj etykietę
Nie ma etykietki, Dołącz pierwszą etykiete!
|
MARC
| LEADER | 00000nam a22000007a 4500 | ||
|---|---|---|---|
| 003 | 013001 | ||
| 005 | 20230524114805.0 | ||
| 008 | 190304b2019 c a|||| |m|| 00| ||spa d | ||
| 040 | |c cru CEDI | ||
| 100 | |9 554 |a Valverde Calderón, Kenneth Fauricio, 1988- | ||
| 245 | |a Análisis de la aplicación del sistema de evaluación LEED v4 al diseño y construcción de Estaciones de Bomberos en Costa Rica | ||
| 260 | |a [San José ], Costa Rica |c 2019 | ||
| 300 | |a xii, 202, [LXVIII]hojas; ilustraciones a color | ||
| 500 | |a Proyecto de graduación (licenciatura en ingeniería civil)--Universidad de Costa Rica. Facultad de Ingeniería. Escuela de Ingeniería Civil. | ||
| 501 | |a Directora de Proyecto de Graduación: Ing. Paola Vidal Rivera | ||
| 650 | |x EDIFICIOS SOSTENIBLES - DISEÑO Y CONSTRUCCION - COSTA RICA |x CONSTRUCCION SOSTENIBLE - NORMAS |x CUERPO DE BOMBEROS - ASPECTOS AMBIENTALES |x CUERPO DE BOMBEROS - DISEÑO Y CONSTRUCCION - COSTA RICA | ||
| 700 | |9 2 |a Vidal Rivera, Paola Marcela 1979- |d Directora del TFG | ||
| 942 | |c CEDI |h TFG 8151 |6 TFG_8151_000000000000000 | ||
| 999 | |c 21637 |d 21637 | ||
